| 000 | 00463nam a2200181Ia 4500 | ||
|---|---|---|---|
| 001 | 16119 | ||
| 005 | 20260306170246.0 | ||
| 008 | 260306t2005||||xx |||||||||||||| ||und|| | ||
| 041 | _aESP | ||
| 082 |
_a346.61 _bR75 |
||
| 100 |
_aRodríguez Azuero, Sergio _eAUT |
||
| 245 | 0 |
_aNegocios fiduciarios: _bsu significación en América Latina |
|
| 260 | _c2005 | ||
| 300 |
_a663 páginas : _c24 cm. |
||
| 650 | _aGEN | ||
| 654 | _aCDE | ||
| 942 |
_cLIB _dJUS _fJUS _2ddc _n |
||
| 999 |
_c16119 _d16119 |
||